The unexpected world of nature / (Record no. 9319)

MARC details
000 -LEADER
fixed length control field 00902nam a22002657a 4500
001 - CONTROL NUMBER
control field 9319
003 - CONTROL NUMBER IDENTIFIER
control field FISKH
005 - DATE AND TIME OF LATEST TRANSACTION
control field 20251210143107.0
008 - FIXED-LENGTH DATA ELEMENTS--GENERAL INFORMATION
fixed length control field 251210b cb ||||| |||| 00| 0 eng d
020 ## - INTERNATIONAL STANDARD BOOK NUMBER
International Standard Book Number 9780545621274
040 ## - CATALOGING SOURCE
Original cataloging agency FISKH
Language of cataloging eng
Transcribing agency FISKH
Modifying agency FISKH
082 ## - DEWEY DECIMAL CLASSIFICATION NUMBER
Classification number 740
100 ## - MAIN ENTRY--PERSONAL NAME
Personal name Reisman , David
245 ## - TITLE STATEMENT
Title The unexpected world of nature /
Statement of responsibility, etc. By David Reisman
260 ## - PUBLICATION, DISTRIBUTION, ETC.
Place of publication, distribution, etc. New York :
Name of publisher, distributor, etc. Scholastic ,
Date of publication, distribution, etc. 2008 .
300 ## - PHYSICAL DESCRIPTION
Extent 32 unnumbered pages :
Other physical details color illustrations ;
Dimensions 28 cm .
490 ## - SERIES STATEMENT
Series statement Nature
505 ## - FORMATTED CONTENTS NOTE
Formatted contents note Z <br/>
520 ## - SUMMARY, ETC.
Summary, etc. From mighty predators that are feared, to animals in danger, to real and imagined monsters, this graphic novel's bold illustrations and compelling text present issues from a fresh point of view.
521 8# - TARGET AUDIENCE NOTE
Target audience note 900 <br/>
Source Lexile GN <br/>
521 8# - TARGET AUDIENCE NOTE
Target audience note Z <br/>
Source Raz-Plus <br/>
650 ## - SUBJECT ADDED ENTRY--TOPICAL TERM
Topical term or geographic name entry element Graphic novel
Form subdivision Non-fiction
942 ## - ADDED ENTRY ELEMENTS (KOHA)
Source of classification or shelving scheme Dewey Decimal Classification
Koha item type Books
Suppress in OPAC No
Holdings
Withdrawn status Lost status Source of classification or shelving scheme Damaged status Not for loan Collection Home library Current library Shelving location Date acquired Total Checkouts Full call number Barcode Date last seen Copy number Price effective from Koha item type
    Dewey Decimal Classification     Non-Fiction Footprints International School Library Network Toul Tom Poung Campus Footprints International School Library Network Toul Tom Poung Campus TTP Comic Books all Levels 12/10/2025   REI 740 FISSE00553 12/10/2025 1 12/10/2025 Books
    Dewey Decimal Classification     Non-Fiction Footprints International School Library Network Toul Tom Poung Campus Footprints International School Library Network Toul Tom Poung Campus TTP Comic Books all Levels 02/25/2026   REI 740 FISSE00550 02/25/2026 2 02/25/2026 Books